[Event "38. MIEDZYNARODOWY MEMORIAL LUDWIKA ZAMENHOFA 2019 - OPEN A"]
[Site "Bialystok"]
[Date "1899-12-30"]
[Round "3.10"]
[White "Reza, Wojciech"]
[Black "Pettersson, Alexander"]
[Result "1/2-1/2"]
[WhiteTitle "FM"]
[BlackTitle "k"]
[WhiteElo "2308"]
[BlackElo "2016"]

1. c4 e6 2. Nf3 Nf6 3. b3 d5 4. Bb2 Bd6 5. g3 O-O 6. Bg2 Nbd7 7. O-O b6 8. Nc3
Bb7 9. Rc1 dxc4 10. bxc4 c5 11. d3 Qe7 12. Nb5 Bb8 13. Qb3 Rd8 14. Rfd1 Nf8 15.
a4 Ng6 16. Ra1 e5 17. Ne1 Bxg2 18. Nxg2 a5 19. Ne3 Qe6 20. Nc3 Ne7 21. Ne4 Bc7
22. Bc3 Ng4 23. Bd2 Nxe3 24. Bxe3 Nc6 25. Nc3 Nb4 26. Nb5 Rac8 27. Na7 Ra8 28.
Nb5 Rac8 29. Na7 Ra8 1/2-1/2

[Event "38. MIEDZYNARODOWY MEMORIAL LUDWIKA ZAMENHOFA 2019 - OPEN A"]
[Site "Bialystok"]
[Date "1899-12-30"]
[Round "3.11"]
[White "Marcinczyk, Monika"]
[Black "Szostko, Jakub"]
[Result "1/2-1/2"]
[WhiteTitle "WCM"]
[BlackTitle "FM"]
[WhiteElo "2010"]
[BlackElo "2217"]

1. e4 e5 2. Nf3 Nc6 3. Bb5 a6 4. Ba4 Nf6 5. O-O Be7 6. d3 b5 7. Bb3 d6 8. c3 O-O
9. Re1 Na5 10. Bc2 c5 11. Nbd2 Nc6 12. Nf1 Be6 13. Ng3 h6 14. h3 Re8 15. d4 cxd4
16. cxd4 exd4 17. Nxd4 Nxd4 18. Qxd4 Rc8 19. Bb3 d5 20. e5 Nd7 21. Be3 Bc5 22.
Qd1 Bb4 23. Bd2 Bc5 24. Be3 Bb4 25. Bd2 Bc5 26. Be3 Bb4 1/2-1/2

[Event "38. MIEDZYNARODOWY MEMORIAL LUDWIKA ZAMENHOFA 2019 - OPEN A"]
[Site "Bialystok"]
[Date "1899-12-30"]
[Round "3.12"]
[White "Szydlo, Michal"]
[Black "Eigminas, Kipras"]
[Result "1/2-1/2"]
[WhiteTitle "I+"]
[BlackTitle "k"]
[WhiteElo "1957"]
[BlackElo "2127"]

1. e4 c5 2. Nf3 d6 3. d4 cxd4 4. Nxd4 Nf6 5. Nc3 g6 6. Be3 Bg7 7. f3 O-O 8. Qd2
Nc6 9. Bc4 Bd7 10. O-O-O Rc8 11. Bb3 Ne5 12. Kb1 Re8 13. h4 h5 14. g4 hxg4 15.
h5 Nxh5 16. Bh6 Bf6 17. Rdg1 Nc4 18. Qd3 Ne5 19. Qd1 Rxc3 20. bxc3 Qa5 21. fxg4
Bxg4 22. Rxg4 Kh7 23. Bc1 Nxg4 24. Qxg4 e6 25. Qf4 Kg7 26. Qh6+ Kg8 27. Rh3 Qe5
28. Bd2 Bg7 29. Qe3 Nf6 30. Rh4 a6 31. Nf3 Qb5 32. Qd3 Qc6 33. Qc4 Qd7 34. a4
d5 35. Qd3 dxe4 36. Qxd7 Nxd7 37. Rxe4 Rc8 38. Kb2 Rc6 39. Nd4 Rd6 40. Be1 Nc5
41. Re2 Rd8 42. Bh4 Re8 43. Bg3 e5 44. Nf3 e4 45. Ng5 Nxb3 46. cxb3 f5 47. Bf4
Rc8 48. Bd2 Rc6 49. b4 b5 50. a5 Bf6 51. Kb3 e3 52. Bxe3 Rxc3+ 53. Ka2 Rc4 54.
Kb3 f4 55. Bxf4 Rxf4 56. Re8+ Kg7 57. Ne6+ Kf7 58. Nxf4 Kxe8 1/2-1/2

[Event "38. MIEDZYNARODOWY MEMORIAL LUDWIKA ZAMENHOFA 2019 - OPEN A"]
[Site "Bialystok"]
[Date "1899-12-30"]
[Round "3.13"]
[White "Jakubowski, Krzysztof"]
[Black "Zgadzaj, Rafal"]
[Result "1-0"]
[WhiteTitle "GM"]
[BlackTitle "k"]
[WhiteElo "2503"]
[BlackElo "2092"]

1. e4 g6 2. d4 d6 3. f4 Bg7 4. Nf3 Nf6 5. Nc3 O-O 6. Be3 b6 7. Qe2 Bb7 8. e5 Ng4
9. Bg1 dxe5 10. fxe5 c5 11. O-O-O cxd4 12. Bxd4 Nc6 13. e6 Bh6+ 14. Kb1 Qe8 15.
Nb5 Rc8 16. Bc3 a6 17. Nbd4 f6 18. Nxc6 Qxc6 19. Rd7 Ne3 20. Nd4 Qe4 21. Rxe7
Rfd8 22. Rxb7 Qxb7 23. Qxa6 Qd5 24. a4 Nxc2 25. e7 Re8 26. Qb5 Ne3 27. Qxb6 Rxe7
28. Ba6 Nc4 29. Qb3 Rcc7 30. Ka2 Kg7 31. Rd1 Be3 32. Nb5 Qe4 33. Nxc7 Rxc7 34.
Re1 Qd3 35. Bxf6+ 1-0

[Event "38. MIEDZYNARODOWY MEMORIAL LUDWIKA ZAMENHOFA 2019 - OPEN A"]
[Site "Bialystok"]
[Date "1899-12-30"]
[Round "3.14"]
[White "Walkusz, Witoslaw"]
[Black "Budrewicz, Krzysztof"]
[Result "1-0"]
[WhiteTitle "FM"]
[BlackTitle "m"]
[WhiteElo "2089"]
[BlackElo "2275"]

1. e4 c5 2. Nf3 e6 3. d4 cxd4 4. Nxd4 Nf6 5. Bd3 Nc6 6. Nxc6 bxc6 7. O-O d5 8.
e5 Nd7 9. Re1 Be7 10. Nd2 Nc5 11. Bf1 a5 12. Qg4 g6 13. Nb3 h5 14. Qf3 Nd7 15.
c4 Bb4 16. Bd2 Bxd2 17. Nxd2 Qb6 18. cxd5 cxd5 19. Nc4 dxc4 20. Qxa8 O-O 21. Qe4
Ba6 22. Bxc4 Nc5 23. Qc2 Bb7 24. Bf1 Rc8 25. Rac1 Kg7 26. Qe2 Qd8 27. Red1 Bd5
28. Qe3 Nd7 29. Rxc8 Qxc8 30. b3 Qc2 31. Qd2 Qf5 32. f4 h4 33. Bd3 Qg4 34. h3
Qh5 35. Be2 Qh6 36. Rf1 Nc5 37. Bf3 Bxf3 38. Rxf3 Ne4 39. Qxa5 Ng3 40. Qe1 Nf5
41. Qc3 Qh8 42. Kh2 Qd8 43. Qd3 Qa5 44. a4 Qe1 45. Rf1 Qb4 46. Rf2 Ng3 47. Rf3
Nf5 48. Qc3 Qa3 49. a5 Qa2 50. b4 Qe2 51. Qd3 Qe1 52. a6 g5 53. Qc3 Qe4 54. fxg5
Nd4 55. Re3 Qf4+ 56. Kg1 Nb5 57. Qe1 Qd4 58. Kh1 1-0

[Event "38. MIEDZYNARODOWY MEMORIAL LUDWIKA ZAMENHOFA 2019 - OPEN A"]
[Site "Bialystok"]
[Date "1899-12-30"]
[Round "3.15"]
[White "Kumala, Aleksander"]
[Black "Klimaszewski, Dariusz"]
[Result "0-1"]
[WhiteTitle "CM"]
[BlackTitle "CM"]
[WhiteElo "2218"]
[BlackElo "2084"]

1. d4 Nf6 2. Bg5 d5 3. Bxf6 exf6 4. e3 Bd6 5. Nd2 O-O 6. Bd3 Be6 7. Qf3 c6 8. O-O-O
Nd7 9. g4 c5 10. c3 c4 11. Bb1 b5 12. e4 Nb6 13. h4 b4 14. Ne2 Be7 15. g5 Na4
16. gxf6 Bxf6 17. e5 Be7 18. Rdg1 f5 19. exf6 Rxf6 20. Qh5 h6 21. Rg3 bxc3 22.
Nxc3 Nxc3 23. bxc3 Bd6 24. Rf3 Rxf3 25. Qxf3 Qf8 26. Qg2 Bf4 27. Re1 Qa3+ 28.
Kd1 Qxc3 29. Re2 Bf7 30. Bg6 Qa1+ 31. Kc2 Qxa2+ 32. Kd1 Qa1+ 33. Kc2 Bxg6+ 34.
Qxg6 Qa4+ 35. Kc3 Rb8 36. Qe6+ Kh8 37. Qxd5 Rb3+ 0-1

[Event "38. MIEDZYNARODOWY MEMORIAL LUDWIKA ZAMENHOFA 2019 - OPEN A"]
[Site "Bialystok"]
[Date "1899-12-30"]
[Round "3.16"]
[White "Kirilin, Dmitrij"]
[Black "Kiolbasa, Oliwia"]
[Result "1-0"]
[WhiteTitle "k"]
[BlackTitle "WIM"]
[WhiteElo "2015"]
[BlackElo "2208"]

1. Nf3 Nf6 2. c4 b6 3. g3 Bb7 4. Bg2 c5 5. O-O g6 6. Nc3 Bg7 7. d4 cxd4 8. Nxd4
Bxg2 9. Kxg2 Qc8 10. b3 Qb7+ 11. f3 O-O 12. e4 d6 13. Be3 Nbd7 14. Rc1 Rfc8 15.
Rf2 a5 16. Rfc2 Nc5 17. Qe2 Nfd7 18. Nd5 Ne5 19. Rd1 Nc6 20. Nxc6 Rxc6 21. Bg5
Re8 22. Rcc1 h6 23. Be3 Kh7 24. h4 e6 25. Nc3 Qe7 26. Qd2 h5 27. Nb5 Rd8 28. Bg5
f6 29. Bf4 e5 30. Be3 Bf8 31. Nc3 Rb8 32. Nd5 Qf7 33. Rb1 f5 34. Bg5 fxe4 35.
Nf6+ Kh8 36. fxe4 Bg7 37. Rf1 Qe6 38. Qe2 Nd7 39. Nd5 Rcc8 40. Rf2 Rf8 41. Rbf1
Rxf2+ 42. Rxf2 Nc5 43. Qe3 Qg4 44. Nf6 Bxf6 45. Rxf6 Qxe4+ 46. Qxe4 Nxe4 47. Rxg6
b5 48. Kf3 Nxg5+ 49. Rxg5 bxc4 50. bxc4 Rc8 51. Rxh5+ Kg7 52. Rg5+ Kf6 53. Rg4
d5 54. cxd5 Rc3+ 55. Kg2 Rc2+ 56. Kh3 Rd2 57. h5 Rxd5 58. h6 Rd1 59. Kg2 Rd7 60.
Kf3 Rd3+ 61. Ke2 Ra3 62. Rh4 Rxa2+ 63. Kd1 1-0

[Event "38. MIEDZYNARODOWY MEMORIAL LUDWIKA ZAMENHOFA 2019 - OPEN A"]
[Site "Bialystok"]
[Date "1899-12-30"]
[Round "3.17"]
[White "Flak, Pawel"]
[Black "Paszkowski, Krystian"]
[Result "1-0"]
[WhiteTitle "k+"]
[BlackTitle "I+"]
[WhiteElo "2180"]
[BlackElo "1950"]

1. d4 Nf6 2. c4 e6 3. Nf3 b6 4. g3 Bb7 5. Bg2 Bb4+ 6. Bd2 Bxd2+ 7. Nbxd2 O-O 8.
O-O d6 9. Qc2 c5 10. e4 cxd4 11. Nxd4 Nc6 12. Nxc6 Bxc6 13. Rfe1 Rc8 14. Qd3 Qe7
15. Nb3 e5 16. Nd2 a5 17. Nf1 Rfd8 18. Ne3 Qb7 19. Nd5 Bxd5 20. cxd5 Rc5 21. Bh3
Qc7 22. Qe3 h6 23. Rab1 Ra8 24. a3 a4 25. Bf1 Raa5 26. Bd3 Qc8 27. Rbc1 Ra7 28.
Rxc5 bxc5 29. Re2 Qh3 30. f3 Rb7 31. Bc4 Rb6 32. Qc1 h5 33. Rf2 Qc8 34. Qc2 Qa8
35. Kg2 Qa5 36. Qe2 Qa7 37. Qd2 Qb7 38. h3 h4 39. g4 Nh7 40. Kf1 g5 41. Ke1 f6
42. Kd1 Nf8 43. Kc1 Qa7 44. Kb1 Ng6 45. Ka1 Nh8 46. Rh2 Nf7 47. Be2 Nd8 48. Bd1
Nb7 49. Qc2 Ra6 50. Be2 Rb6 51. Bd1 Ra6 52. Qc4 Ra5 53. Rd2 Qa6 54. Rc2 Qb6 55.
Rd2 Qa6 56. Rc2 Qb6 57. Rc1 Qa7 58. Bc2 Kg7 59. Bd1 Kf7 60. Ka2 Ke7 61. Qd3 c4
62. Qxc4 Nc5 63. Rc3 Ra6 64. Qe2 Kf7 65. Rc4 Rb6 66. Rb4 Qb7 67. Qc4 Rxb4 68.
axb4 Na6 69. Ka3 Nb8 70. Bxa4 Nd7 71. Qc6 Qxc6 72. dxc6 Nb6 73. c7 f5 74. Bd7
fxe4 75. fxe4 d5 76. c8=Q Nxc8 77. Bxc8 dxe4 78. Kb3 1-0

[Event "38. MIEDZYNARODOWY MEMORIAL LUDWIKA ZAMENHOFA 2019 - OPEN A"]
[Site "Bialystok"]
[Date "1899-12-30"]
[Round "3.18"]
[White "Salna, Aleksandras"]
[Black "Jakubowska, Anna"]
[Result "1-0"]
[WhiteTitle "k"]
[BlackTitle "WIM"]
[WhiteElo "2020"]
[BlackElo "2129"]

1. d4 f5 2. c4 Nf6 3. Nc3 e6 4. g3 Bb4 5. Qc2 O-O 6. Bg2 d6 7. Nf3 Nbd7 8. O-O
Bxc3 9. Qxc3 Ne4 10. Qc2 Ndf6 11. b4 a5 12. b5 Qe8 13. a4 c5 14. dxc5 Nxc5 15.
Rd1 Qe7 16. Nd4 e5 17. Nb3 Be6 18. Nxc5 dxc5 19. Bb2 e4 20. f3 exf3 21. exf3 f4
22. g4 Rad8 23. Qc3 Rxd1+ 24. Rxd1 Qf7 25. Bf1 b6 26. Rd6 h5 27. g5 Ne8 28. Rxb6
Qd7 29. Rb8 h4 30. Bd3 Bf5 31. Bxf5 Qxf5 32. Qe5 Qg6 33. b6 Kh7 34. Kf2 Qc2+ 35.
Qe2 Qxa4 36. b7 Qd7 37. Qe4+ g6 38. Qd5 Qh3 39. Kg1 Nf6 40. Rxf8 1-0

[Event "38. MIEDZYNARODOWY MEMORIAL LUDWIKA ZAMENHOFA 2019 - OPEN A"]
[Site "Bialystok"]
[Date "1899-12-30"]
[Round "3.19"]
[White "Bialiauski, Artsiom"]
[Black "Pietruszewski, Marcin"]
[Result "1/2-1/2"]
[WhiteTitle "I"]
[BlackTitle "m"]
[WhiteElo "1944"]
[BlackElo "2213"]

1. d4 Nf6 2. Nf3 e6 3. Bf4 c5 4. e3 Nc6 5. c3 Nh5 6. Bg3 Nxg3 7. hxg3 d5 8. Nbd2
Be7 9. Bd3 h6 10. O-O O-O 11. Qe2 Qb6 12. Rab1 Bd7 13. dxc5 Qxc5 14. e4 dxe4 15.
Nxe4 Qh5 16. Rbd1 Rfd8 17. Bb1 Be8 18. Rxd8 Rxd8 19. Ned2 g6 20. Nb3 Kg7 21. Qe3
Qb5 22. Be4 a5 23. Rb1 b6 24. Nbd4 Nxd4 25. Nxd4 Qa4 26. a3 e5 27. Nf3 f6 28.
Qe1 Bf7 29. Rc1 Qb3 30. Rb1 h5 31. Nh4 a4 32. Qe2 b5 33. Bc2 Qd5 34. Rd1 Qc5 35.
Rxd8 Bxd8 36. Bxg6 Bxg6 37. Nxg6 Kxg6 38. Qd3+ 1/2-1/2

[Event "38. MIEDZYNARODOWY MEMORIAL LUDWIKA ZAMENHOFA 2019 - OPEN A"]
[Site "Bialystok"]
[Date "1899-12-30"]
[Round "4.1"]
[White "Heberla, Bartlomiej"]
[Black "Markowski, Tomasz"]
[Result "1-0"]
[WhiteTitle "GM"]
[BlackTitle "GM"]
[WhiteElo "2565"]
[BlackElo "2546"]

1. d4 Nf6 2. Bg5 e6 3. Nd2 h6 4. Bh4 c5 5. e4 cxd4 6. e5 g5 7. Bg3 Nd5 8. h4 g4
9. Qxg4 Nc6 10. Ngf3 h5 11. Qe4 Rg8 12. Ng5 Qa5 13. Be2 Bb4 14. Rd1 f5 15. Bxh5+
Ke7 16. Qd3 b6 17. Be2 Qxa2 18. h5 Qxb2 19. h6 Qc3 20. Bh4 Nxe5 21. Qb5 Qc6 22.
Ngf3+ Kd6 23. Nxd4 Qc5 24. Qxc5+ Kxc5 25. c4 Nf4 26. h7 Bb7 27. N4b3+ Kd6 28.
hxg8=Q Rxg8 29. Bg3 Nxg2+ 30. Kf1 Ne3+ 31. fxe3 Bxh1 32. Kf2 Bb7 33. Nf3+ Kc7
34. Bxe5+ d6 35. Bg3 e5 36. Nxe5 dxe5 37. Bxe5+ Kc8 38. Bf3 a5 39. Nd4 Re8 40.
Bf4 Be4 41. Nb5 a4 42. Ra1 a3 43. Bd6 1-0

[Event "38. MIEDZYNARODOWY MEMORIAL LUDWIKA ZAMENHOFA 2019 - OPEN A"]
[Site "Bialystok"]
[Date "1899-12-30"]
[Round "4.2"]
[White "Kanarek, Marcel"]
[Black "Janik, Igor"]
[Result "1-0"]
[WhiteTitle "GM"]
[BlackTitle "IM"]
[WhiteElo "2478"]
[BlackElo "2466"]

1. Nf3 Nf6 2. c4 b6 3. g3 Bb7 4. Bg2 e6 5. O-O Be7 6. Nc3 O-O 7. Re1 d5 8. cxd5
Nxd5 9. Nxd5 Bxd5 10. e4 Bb7 11. d4 Nc6 12. a3 Bf6 13. Be3 Qd7 14. Bh3 Rfd8 15.
d5 Bxb2 16. Ng5 Bxa1 17. Qh5 Bf6 18. dxe6 Qd3 19. Nxh7 Ne5 20. exf7+ Nxf7 21.
Be6 Rd7 22. Nxf6+ gxf6 23. Qg4+ Kf8 24. Bxd7 Bxe4 25. Rd1 Qb3 26. Rc1 Bd5 27.
Qf4 Rd8 28. Qxf6 Kg8 29. Qg6+ Kf8 30. Qf6 Kg8 31. Bh6 Nxh6 32. Qxd8+ Kh7 33. Qxc7
Nf7 34. Bf5+ Kg7 35. Qc3+ 1-0

[Event "38. MIEDZYNARODOWY MEMORIAL LUDWIKA ZAMENHOFA 2019 - OPEN A"]
[Site "Bialystok"]
[Date "1899-12-30"]
[Round "4.3"]
[White "Cukrowski, Filip"]
[Black "Chojnacki, Krzysztof"]
[Result "1/2-1/2"]
[WhiteTitle "FM"]
[BlackTitle "IM"]
[WhiteElo "2419"]
[BlackElo "2375"]

1. e4 d6 2. d4 Nf6 3. Nc3 g6 4. Nf3 Bg7 5. h3 O-O 6. Be3 Nbd7 7. Bc4 e5 8. dxe5
Nxe5 9. Nxe5 dxe5 10. Qxd8 Rxd8 11. Ke2 Bd7 12. Rhd1 Bc6 13. f3 a6 14. Bg5 Rxd1
15. Rxd1 Rb8 16. Nd5 Nxd5 17. Bxd5 Be8 18. Bc4 Bf8 19. Bf6 Bd6 20. h4 h6 21. f4
exf4 22. Kf3 Bc6 23. Bd5 Ba4 24. e5 Bc5 25. Kxf4 Kf8 26. Bb3 Bc6 27. g4 Be7 28.
g5 Bxf6 29. gxf6 Re8 30. c3 Rc8 31. Rd2 Re8 32. h5 g5+ 33. Kf5 Bf3 34. Bd1 Bc6
35. b4 b6 36. Bb3 Bb7 37. a4 Bc8+ 38. Ke4 Bb7+ 39. Kf5 Bc8+ 40. Ke4 1/2-1/2

[Event "38. MIEDZYNARODOWY MEMORIAL LUDWIKA ZAMENHOFA 2019 - OPEN A"]
[Site "Bialystok"]
[Date "1899-12-30"]
[Round "4.4"]
[White "Leniart, Arkadiusz"]
[Black "Baum, Jonasz"]
[Result "0-1"]
[WhiteTitle "IM"]
[BlackTitle "FM"]
[WhiteElo "2508"]
[BlackElo "2340"]

1. e4 c5 2. Nc3 a6 3. g3 b5 4. Bg2 Bb7 5. Nge2 Nf6 6. O-O d6 7. d4 Nbd7 8. Re1
e6 9. Bg5 b4 10. Nb1 h6 11. Bxf6 Nxf6 12. d5 e5 13. Nd2 a5 14. f4 Ba6 15. c4 Be7
16. Nc1 Nd7 17. Nd3 Bf6 18. Bh3 O-O 19. Rc1 Nb6 20. b3 Bc8 21. Bxc8 Qxc8 22. Nf3
exf4 23. gxf4 Bc3 24. Re2 f6 25. a4 Ra7 26. f5 g5 27. h4 Qe8 28. hxg5 hxg5 29.
Nf2 Qh5 30. Kg2 g4 31. Ng1 Bd4 32. Rd2 Be3 33. Rd3 Bxc1 34. Qxc1 Rg7 35. Rg3 Nd7
36. Ne2 Ne5 37. Nf4 Qh6 38. Qe3 Re8 39. Ne6 Qxe3 40. Rxe3 Rh7 41. Kg3 Kf7 42.
Re2 Reh8 43. Nf4 Rh2 44. Re3 R2h6 45. Re2 Rg8 46. Re3 Rgh8 47. Re2 Rh2 48. Re3
Rxf2 49. Kxf2 Rh2+ 50. Kg3 Rh1 51. Kg2 Rb1 52. Ne6 Ke7 53. Kg3 Rg1+ 54. Kf2 Rc1
55. Nf4 Rc2+ 56. Kg3 Rc3 57. Ng2 Nf3 58. Kxg4 Rxe3 59. Nxe3 Nd2 60. e5 dxe5 61.
Kh5 Nxb3 62. Kg6 Nd4 63. d6+ Kxd6 64. Kxf6 b3 65. Nd1 e4 66. Kg6 e3 0-1

[Event "38. MIEDZYNARODOWY MEMORIAL LUDWIKA ZAMENHOFA 2019 - OPEN A"]
[Site "Bialystok"]
[Date "1899-12-30"]
[Round "4.5"]
[White "Godzwon, Iwo"]
[Black "Teclaf, Pawel"]
[Result "0-1"]
[WhiteTitle "FM"]
[BlackTitle "IM"]
[WhiteElo "2275"]
[BlackElo "2426"]

1. e4 e6 2. d4 d5 3. Nd2 Be7 4. Bd3 c5 5. dxc5 Nf6 6. Qe2 O-O 7. Ngf3 a5 8. O-O
Na6 9. Bb5 Nc7 10. a4 Nxb5 11. axb5 Bxc5 12. e5 Nd7 13. Nb3 Be7 14. Nbd4 a4 15.
Bd2 Nb6 16. Qe1 Nc4 17. b3 Nxd2 18. Qxd2 a3 19. b4 Qc7 20. Rfb1 Qc4 21. Qe2 Qc3
22. Qe1 Qc4 23. Rb3 Bd7 24. c3 a2 25. Qd2 Rfc8 26. Qb2 Ra4 27. Nd2 Qc7 28. N2f3
Rca8 29. Qe2 Bd8 30. Kf1 Qc8 31. Ke1 Bb6 32. Qd3 Qc4 33. Qxc4 dxc4 34. Rb2 f6
35. Re2 Kf7 36. Kd2 f5 37. Kc2 Ke7 38. Rd2 h6 39. Kb2 Ra3 40. h4 Be8 41. Kc2 f4
42. Rdd1 g5 43. hxg5 hxg5 44. Kb2 Bg6 45. Rh1 g4 46. Rh6 gxf3 47. Rxg6 Bxd4 48.
cxd4 Rb3+ 49. Kc2 Raa3 50. gxf3 Rxf3 51. Rg7+ Kf8 52. Rg2 Rfc3+ 53. Kd2 Rf3 54.
Rh1 Rfd3+ 55. Kc2 Rdc3+ 56. Kd2 Rh3 57. Rhg1 Rh8 58. Ra1 Rhh3 59. Rag1 Rh8 60.
Ra1 Kf7 61. f3 Rh3 62. Rag1 Rg3 63. Rxg3 fxg3 64. Ra1 g2 0-1

[Event "38. MIEDZYNARODOWY MEMORIAL LUDWIKA ZAMENHOFA 2019 - OPEN A"]
[Site "Bialystok"]
[Date "1899-12-30"]
[Round "4.6"]
[White "Kosakowski, Jakub"]
[Black "Karolczuk, Iwo"]
[Result "1-0"]
[WhiteTitle "FM"]
[BlackTitle "I++"]
[WhiteElo "2403"]
[BlackElo "1976"]

1. e4 c5 2. Nf3 e6 3. d4 cxd4 4. Nxd4 a6 5. Bd3 Nf6 6. O-O d6 7. c4 Be7 8. Nc3
O-O 9. b3 Nc6 10. Nxc6 bxc6 11. Bb2 Bb7 12. Qe2 Nd7 13. f4 e5 14. f5 Re8 15. Rad1
Nf6 16. Kh1 Qa5 17. Na4 Bf8 18. g4 h6 19. h4 Nh7 20. g5 hxg5 21. hxg5 Nxg5 22.
Qh5 f6 23. Bc1 Qd8 24. Rg1 Be7 25. Rd2 d5 26. Rh2 dxe4 27. Rxg5 fxg5 28. Qh7+
Kf8 29. Qg6 Bf6 30. Ba3+ Kg8 31. Qh7+ Kf7 32. Be2 c5 33. Bxc5 e3+ 34. Kg1 1-0

[Event "38. MIEDZYNARODOWY MEMORIAL LUDWIKA ZAMENHOFA 2019 - OPEN A"]
[Site "Bialystok"]
[Date "1899-12-30"]
[Round "4.7"]
[White "Luberanski, Jakub"]
[Black "Sieciechowicz, Marcin"]
[Result "0-1"]
[WhiteTitle "I++"]
[BlackTitle "IM"]
[WhiteElo "1963"]
[BlackElo "2366"]

1. e4 e6 2. d4 d5 3. Nc3 Nf6 4. e5 Nfd7 5. f4 c5 6. Nf3 Nc6 7. Be3 Be7 8. Be2 O-O
9. O-O b6 10. Qe1 f5 11. Qg3 Bb7 12. Kh1 Rc8 13. Rad1 a6 14. Qh3 cxd4 15. Nxd4
Nxd4 16. Bxd4 Bc5 17. g4 Bxd4 18. Rxd4 g6 19. gxf5 gxf5 20. Qh6 Qe7 21. Bf3 Kh8
22. Rg1 Nc5 23. Nd1 Rg8 24. Rg3 b5 25. c3 a5 26. Ne3 Na4 27. Rd2 Rxg3 28. hxg3
d4 29. Bxb7 dxe3 30. Rg2 Qxb7 31. Qf6+ Qg7 32. Qxe6 Rd8 33. Qc6 Qg6 34. Qf3 Nc5
35. Re2 Ne4 36. Rxe3 Rd1+ 37. Kg2 Rd2+ 38. Kg1 Qh6 39. Kf1 Qh2 40. Ke1 Qg1+ 0-1

[Event "38. MIEDZYNARODOWY MEMORIAL LUDWIKA ZAMENHOFA 2019 - OPEN A"]
[Site "Bialystok"]
[Date "1899-12-30"]
[Round "4.8"]
[White "Walkusz, Witoslaw"]
[Black "Jakubowski, Krzysztof"]
[Result "0-1"]
[WhiteTitle "FM"]
[BlackTitle "GM"]
[WhiteElo "2089"]
[BlackElo "2503"]

1. d4 g6 2. c4 Bg7 3. Nc3 c5 4. Nf3 cxd4 5. Nxd4 Nc6 6. e3 Nf6 7. Be2 O-O 8. O-O
Nxd4 9. exd4 d5 10. c5 Ne4 11. a4 Nxc3 12. bxc3 Bd7 13. Bf4 Bc6 14. Re1 b6 15.
cxb6 Qxb6 16. a5 Qd8 17. Ba6 Re8 18. Qd3 Qd7 19. Rab1 e6 20. Qg3 Bf6 21. Bd6 Bd8
22. Ra1 Bh4 23. Qxh4 Qxd6 24. Qg3 Qd8 25. h4 h5 26. Bd3 Kg7 27. Re5 Qc7 28. Rae1
Bd7 29. f4 Qxc3 30. Rxh5 Qxd4+ 31. Kh2 Rh8 32. Rg5 Rxh4+ 33. Qxh4 Rh8 34. Qxh8+
Kxh8 35. Rg3 Kg7 36. Rf1 Qa4 37. a6 Bc8 38. Rff3 Bxa6 39. Bxa6 Qxa6 40. Ra3 Qd6
41. Rgf3 g5 42. g3 g4 43. Rfc3 Qb4 44. Kg2 Qb2+ 45. Kf1 Kf6 46. Rd3 Qb1+ 47. Ke2
Qc2+ 48. Rd2 Qc4+ 49. Rdd3 d4 50. Kd2 a5 51. Ra1 Qb4+ 52. Kc2 Kf5 53. Rda3 Ke4
54. Ra4 Qc3+ 55. Kd1 Qxg3 0-1

[Event "38. MIEDZYNARODOWY MEMORIAL LUDWIKA ZAMENHOFA 2019 - OPEN A"]
[Site "Bialystok"]
[Date "1899-12-30"]
[Round "4.9"]
[White "Pettersson, Alexander"]
[Black "Tihonov, Jurij"]
[Result "1/2-1/2"]
[WhiteTitle "k"]
[BlackTitle "GM"]
[WhiteElo "2016"]
[BlackElo "2394"]

1. d4 d5 2. c4 c6 3. Nf3 e6 4. Qc2 dxc4 5. Qxc4 Nf6 6. g3 b5 7. Qc2 Bb7 8. Bg2
Nbd7 9. Ne5 Nxe5 10. dxe5 Nd5 11. O-O c5 12. a3 Qc7 13. f4 c4 14. Nc3 Bc5+ 15.
Kh1 Nxc3 16. Qxc3 Bxg2+ 17. Kxg2 Qb7+ 18. Qf3 O-O-O 19. b4 Bb6 20. a4 a6 21. Ra3
Qxf3+ 22. Kxf3 Kb7 23. Be3 Rd5 24. Bxb6 Kxb6 25. e4 Rd2 26. axb5 Kxb5 27. Ra5+
Kxb4 28. Rxa6 Rc8 29. Ke3 Rd3+ 30. Ke2 Kc5 31. Ra7 Rb8 32. Ra2 Kd4 33. Rc1 Rc8
34. Rac2 c3 35. Ra1 Re3+ 36. Kf2 Rxe4 37. Rd1+ Kc4 38. Rxc3+ Kxc3 39. Rc1+ Kd3
40. Rxc8 Rc4 41. Rd8+ Ke4 42. Rd2 h5 43. Re2+ Kf5 44. Kg2 h4 45. Kh3 hxg3 46.
hxg3 Rc8 47. Ra2 Rh8+ 48. Kg2 Kg4 49. Ra7 Rf8 50. Rb7 g6 51. Rc7 Ra8 52. Rxf7
Ra2+ 53. Kf1 Kxg3 54. Rf6 Kf3 55. Ke1 Ke3 56. Kf1 Kf3 1/2-1/2

[Event "38. MIEDZYNARODOWY MEMORIAL LUDWIKA ZAMENHOFA 2019 - OPEN A"]
[Site "Bialystok"]
[Date "1899-12-30"]
[Round "4.10"]
[White "Klimaszewski, Dariusz"]
[Black "Reza, Wojciech"]
[Result "0-1"]
[WhiteTitle "CM"]
[BlackTitle "FM"]
[WhiteElo "2084"]
[BlackElo "2308"]

1. e4 e5 2. Nf3 Nc6 3. c3 d5 4. Qa4 f6 5. Bb5 Nge7 6. exd5 Qxd5 7. O-O e4 8. Nd4
Bd7 9. Nxc6 Nxc6 10. Re1 O-O-O 11. c4 Qf5 12. d4 exd3 13. Be3 Bc5 14. Nc3 Rhe8
15. Nd5 Bxe3 16. Nxe3 Qc5 17. a3 a6 18. b4 Qd4 19. Bxc6 Bxc6 20. Qb3 Rxe3 0-1

[Event "38. MIEDZYNARODOWY MEMORIAL LUDWIKA ZAMENHOFA 2019 - OPEN A"]
[Site "Bialystok"]
[Date "1899-12-30"]
[Round "4.11"]
[White "Szostko, Jakub"]
[Black "Salna, Aleksandras"]
[Result "1-0"]
[WhiteTitle "FM"]
[BlackTitle "k"]
[WhiteElo "2217"]
[BlackElo "2020"]

1. e4 c5 2. Nf3 d6 3. Bb5+ Bd7 4. Bxd7+ Qxd7 5. c4 Nf6 6. Nc3 Nc6 7. d4 cxd4 8.
Nxd4 g6 9. f3 Bg7 10. Be3 O-O 11. O-O Rfc8 12. b3 Ne8 13. Rc1 Nc7 14. Nxc6 bxc6
15. Qd2 Rd8 16. Bd4 Bxd4+ 17. Qxd4 a5 18. Rfd1 Ne6 19. Qf2 Qa7 20. Na4 Qxf2+ 21.
Kxf2 c5 22. g3 f6 23. f4 Nd4 24. e5 fxe5 25. fxe5 Rf8+ 26. Kg2 Rf5 27. exd6 exd6
28. Rf1 Re5 29. Rf2 Rf8 30. Nc3 Re3 31. Rxf8+ Kxf8 32. Rf1+ Kg7 33. Nb5 Nxb5 34.
cxb5 a4 35. bxa4 Ra3 36. Rb1 Rxa2+ 37. Kf3 Rxa4 38. b6 Ra8 39. b7 Rb8 40. Ke4
Kf6 41. Kd5 Ke7 42. Kc6 d5 43. Kc7 Rxb7+ 44. Rxb7 Ke6 45. Kc6 c4 46. Rd7 1-0

[Event "38. MIEDZYNARODOWY MEMORIAL LUDWIKA ZAMENHOFA 2019 - OPEN A"]
[Site "Bialystok"]
[Date "1899-12-30"]
[Round "4.12"]
[White "Marcinczyk, Monika"]
[Black "Flak, Pawel"]
[Result "1/2-1/2"]
[WhiteTitle "WCM"]
[BlackTitle "k+"]
[WhiteElo "2010"]
[BlackElo "2180"]

1. e4 Nf6 2. e5 Nd5 3. d4 d6 4. c4 Nb6 5. exd6 cxd6 6. Nc3 g6 7. Nf3 Bg7 8. Be3
O-O 9. Be2 Nc6 10. Qd2 Bg4 11. b3 d5 12. c5 Nd7 13. Rd1 e6 14. h3 Bxf3 15. Bxf3
b6 16. cxb6 Qxb6 17. O-O Rfc8 18. Na4 Qb4 19. Qd3 Qe7 20. Rc1 Qd8 21. Rc3 Nb4
22. Qd2 Rxc3 23. Qxc3 Bf8 24. Nc5 a5 25. a3 Nxc5 26. dxc5 Nc6 27. b4 axb4 28.
axb4 Rb8 29. Rb1 d4 30. Qe1 dxe3 31. Bxc6 Qd2 32. fxe3 Qxe1+ 33. Rxe1 Rxb4 34.
Rc1 Bh6 35. Rc3 Bg7 36. Rc2 Rb2 37. Rxb2 1/2-1/2

[Event "38. MIEDZYNARODOWY MEMORIAL LUDWIKA ZAMENHOFA 2019 - OPEN A"]
[Site "Bialystok"]
[Date "1899-12-30"]
[Round "4.13"]
[White "Szydlo, Michal"]
[Black "Strybuk, Artsiom I"]
[Result "1/2-1/2"]
[WhiteTitle "I+"]
[BlackTitle "FM"]
[WhiteElo "1957"]
[BlackElo "2166"]

1. e4 e5 2. Nf3 Nc6 3. Bb5 a6 4. Ba4 Nf6 5. O-O Nxe4 6. d4 b5 7. Bb3 d5 8. dxe5
Be6 9. c3 Bc5 10. Bf4 g5 11. Be3 Bxe3 12. fxe3 g4 13. Nd4 Nxe5 14. Nxe6 fxe6 15.
Nd2 Nc5 16. Bc2 Qg5 17. Qe2 O-O-O 18. b4 Nb7 19. a4 c6 20. Kh1 Kc7 21. Nb3 Rdf8
22. Nd4 Rxf1+ 23. Rxf1 Nd8 24. Qf2 h5 25. e4 g3 26. Qxg3 Qxg3 27. hxg3 h4 28.
gxh4 Rxh4+ 29. Kg1 dxe4 30. axb5 axb5 31. Re1 Nd3 32. Re3 e5 33. Ne2 c5 34. bxc5
Nxc5 35. Ng3 Ndb7 36. Nxe4 Nxe4 37. Rxe4 Rxe4 38. Bxe4 Nc5 39. Bc2 Kd6 40. Kf2
Na4 1/2-1/2

[Event "38. MIEDZYNARODOWY MEMORIAL LUDWIKA ZAMENHOFA 2019 - OPEN A"]
[Site "Bialystok"]
[Date "1899-12-30"]
[Round "4.14"]
[White "Eigminas, Kipras"]
[Black "Kirilin, Dmitrij"]
[Result "1-0"]
[WhiteTitle "k"]
[BlackTitle "k"]
[WhiteElo "2127"]
[BlackElo "2015"]

1. e4 c5 2. Nf3 d6 3. d4 cxd4 4. Nxd4 Nf6 5. Nc3 a6 6. Bc4 e6 7. O-O Be7 8. a4
O-O 9. Qf3 Qc7 10. Bb3 Nc6 11. Nxc6 bxc6 12. Qg3 e5 13. a5 Rb8 14. Qd3 Bb7 15.
Be3 d5 16. f4 dxe4 17. Qc4 c5 18. fxe5 Qxe5 19. Bf4 Qd4+ 20. Qxd4 cxd4 21. Bxb8
Rxb8 22. Na4 Bb4 23. Rfd1 d3 24. cxd3 e3 25. Nc3 Ng4 26. d4 Re8 27. Bc4 h5 28.
Rf1 Re7 29. Be2 Nf2 30. Ra4 Bd6 31. Bxh5 Nd3 32. Be2 Nf4 33. d5 g5 34. Re1 f5
35. Rc4 Be5 36. g3 Nh3+ 37. Kg2 g4 38. Bd1 Bxc3 39. Rxc3 Bxd5+ 40. Kf1 Rb7 41.
b3 Kg7 42. Rexe3 Ng5 43. Rc5 Rd7 44. Bc2 Bf3 45. Rxf5 Nh3 46. Ke1 Rc7 47. Kd2
Nf2 48. b4 Rb7 49. Kc3 Rd7 50. b5 axb5 51. Rxb5 Rc7+ 52. Kb3 Rc6 53. Rb6 Bd5+
54. Kb2 Rc5 55. a6 Rc7 56. Re2 Nh3 57. Re5 Bf3 58. Be4 Nf2 59. Rg5+ Kf7 60. Bd5+
Ke7 61. Rg7+ Kd8 62. Rd6+ Kc8 63. Rg8# 1-0